Młodzieżowe słowo roku 2 - Statystyki

Ogólne statystyki
  • Ten quiz został rozwiązany 338 razy
  • Średni wynik to 5 z 11
Statystyki odpowiedzi
Hint Odpowiedź % Poprawnych
1. 2017 Iks De
75%
1. 2021 Śpiulkolot
72%
1. 2018 Dzban
56%
1. 2019 Alternatywka
45%
2. 2021 Naura
45%
2. 2017 Sztos
45%
1. 2016 Sztos
45%
2020 Julka
39%
2. 2019 Jesieniara
38%
2. 2018 Masny
36%
2. 2016 Ogarnąć się
24%
Nie znaleziono quizów pasujących do podanych kryteriów
Rozkład punktacji
Procent ludzi z każdym wynikiem
Percentyl według liczby udzielonych odpowiedzi
Twoja historia wyników
Nie rozwiązałeś tego quizu